| 000 | 00000nam 2200000zi 4500 |
| 001 | 9.856417 |
| 003 | CaOODSP |
| 005 | 20221107155526 |
| 006 | m o d f |
| 007 | cr ||||||||||| |
| 008 | 180510t20182018onc ob f000 0 eng d |
| 020 | |a9780660265506 |
| 040 | |aCaOODSP|beng |
| 043 | |an-cn--- |
| 086 | 1 |aPS113-1/2017-19-1E-PDF |
| 100 | 1 |aBania, Melanie, |eauthor. |
| 245 | 10|aLocal adaptations of crime prevention programs : |bfinding the optimal balance between fidelity and fit : key effective elements of crime prevention programming / |cby Melanie Bania, Vanessa Chase, Ben Roebuck, and Beth O’Halloran. |
| 264 | 1|aOttawa, Ontario : |bPublic Safety Canada = Sécurité publique Canada, |c[2018] |
| 264 | 4|c©2018 |
| 300 | |a1 online resource (159 pages) |
| 336 | |atext|btxt|2rdacontent |
| 337 | |acomputer|bc|2rdamedia |
| 338 | |aonline resource|bcr|2rdacarrier |
| 490 | 1 |aResearch report ; |v2017-R019-A |
| 500 | |aIssued also in French under title: Adaptations locales de programmes de prévention du crime : trouver l’équilibre optimal entre la fidélité et la correspondance : éléments clés efficaces des programmes de prévention du crime. |
| 504 | |aIncludes bibliographical references (pages 130-159). |
| 650 | 0|aCrime prevention. |
| 710 | 1 |aCanada. |bPublic Safety Canada. |bResearch Division, |eissuing body. |
| 775 | 08|tAdaptations locales de programmes de prévention du crime : |w(CaOODSP)9.856418 |
| 830 | #0|aResearch report (Canada. Public Safety Canada)|v2017-R019-A|w(CaOODSP)9.817073 |
| 856 | 40|qPDF|s1.93 MB|uhttps://publications.gc.ca/collections/collection_2021/sp-ps/PS113-1-2017-19-1-eng.pdf |